| 000 | 00000nam##2200000za#4500 |
| 001 | 9.679987 |
| 003 | CaOODSP |
| 005 | 20200330062737 |
| 007 | ta |
| 008 | 150407|1997||||xxc||||| f|0| 0 fre|d |
| 020 | |a0-662-81747-8 |
| 040 | |aCaOODSP|bfre |
| 043 | |an-cn--- |
| 086 | 1 |aR64-197/1-1997F |
| 110 | 1 |aCanada.|bPatrimoine canadien. |bParcs Canada. |
| 245 | 10|aPlan de réseau des parcs nationaux |
| 250 | |aTroisième édition. |
| 260 | |aOttawa - Ontario : |bPatrimoine canadien. |c1997. |
| 300 | |a106p. : |bill. en couleur, cartes, tableau ; |c28 cm. |
| 500 | |a«Ce rapport vise à familiariser le lecteur avec les 39 régions naturelles terrestres des parcs nationaux du Canada (carte 1), à identifier les régions qui sont déjà représentées par des parcs nationaux et à présenter celles qui ne le sont pas encore.»--Introduction. |
| 520 | 3 |aCe rapport vise à familiariser le lecteur avec les 39 régions naturelles terrestres des parcs nationaux du Canada (carte 1), à identifier les régions qui sont déjà représentées par des parcs nationaux et à présenter celles qui ne le sont pas encore.--Introduction |
| 563 | |aReliure à anneaux |
| 590 | |a97-18|b1997-05-02 |
| 691 | 07|aParc national|2gcpds |
| 775 | 08|tNational Parks System Plan |w(CaOODSP)9.646438 |
| 776 | 0#|tPlan de réseau des parcs nationaux |w(CaOODSP)9.639849 |